Adivina el jugador de fútbol por su foto - Estadísticas

Estadísticas generales
  • Esta prueba ha sido intentada 10.804 veces
  • La puntuación promedio es 13 de 16
Estadísticas de respuestas
Imagen Respuesta % Correcto
Kylian Mbappé
99%
Sergio Ramos
99%
Ousmane Dembelé
93%
Emiliano "Dibu" Martínez
90%
Son
89%
Manuel Neuer
88%
Bernardo Silva
85%
Edison Cavani
85%
Sadio Mané
85%
Antoine Griezmann
84%
Memphis Depay
82%
Richarlison
78%
Matthijs de Ligt
66%
Andrew Robertson
65%
Timo Werner
63%
Ciro Immobile
61%
No se encontraron pruebas coincidentes
Distribución de puntuación
Porcentaje de gente con cada puntuación
Porcentaje por número respondido
Historial de tus puntuaciones
No has intentado esta prueba.